| 000 | 01800nam a2200373 c 4500 | ||
|---|---|---|---|
| 999 |
_c159176 _d159176 |
||
| 003 | BLK | ||
| 005 | 20200310111635.0 | ||
| 008 | 180410b bul|||||r ||||||| ||bul|| | ||
| 010 | _aKNG00166244000 | ||
| 040 | _aBLK | ||
| 041 |
_aBUL _cBUL |
||
| 080 |
_aПсихологически въпроси. Ергономия _b005.32 _z005.32 |
||
| 080 |
_aРъководство (лидерство) и авторитет _b316.46 _z316.46 |
||
| 080 |
_aМеждуличностни отношения. Социални отношения (на сближаване, на отбягване, смесени, подражание, привличане и влияние) Вж и 316. 455 _b316.47 _z316.47 |
||
| 100 | 1 |
_aДжонев, Сава П. _eпърви автор _9334388 |
|
| 139 |
_aДжонев, Сава П. _bД 52 |
||
| 245 | 1 | 0 |
_aСтратегия на ръководителя в междуличностните отношения _bИзследване _cСава П. Джонев. |
| 257 | _aBGR | ||
| 260 |
_bНаука и изкуство _c1990 _fЯмбол : Г. Димитров |
||
| 300 |
_a268 с. _bс табл., сх. _c20 см |
||
| 380 | _a0 | ||
| 500 | _a2 114 тир. - Библиогр. под линия | ||
| 650 | 4 |
_aРъководител _9170062 |
|
| 650 | 4 |
_aУправленски труд - социално-психологични проблеми _9253119 |
|
| 650 | 4 |
_aТрудов колектив _9314724 |
|
| 653 | _aръководители | ||
| 653 | _aтрудов колектив | ||
| 653 | _aуправление | ||
| 852 | _aЦб 162033 | ||
| 856 | 4 | _qpdf | |
| 856 | 4 | _qpdf | |
| 942 |
_cKNG _n0 _s1 |
||
| 944 |
_aCR _c17.10.2014 _l17.10.2014 - от С1,Р / 17.10.2014 _kПавлина_Енева |
||
| 944 |
_aED _c17.10.2014 _l17.10.2014 - от С1,Р / 17.10.2014 |
||
| 999 | _d159176 | ||